书目信息 |
| 题名: |
徐虎
|
|
| 作者: | 林华岚 编著 | |
| 分册: | ||
| 出版信息: | 长春 吉林文史出版社 2012 |
|
| 页数: | 126页 | |
| 开本: | 22cm | |
| 丛书名: | 100位新中国成立以来感动中国人物丛书 | |
| 单 册: | ||
| 中图分类: | K828.1=76 , K828.1 | |
| 科图分类: | ||
| 主题词: | ||
| 电子资源: | ||
| ISBN: | 978-7-5472-1395-7 | |
| 000 | 01027oam2 2200277 450 | |
| 001 | 2352118429 | |
| 005 | 20231129121859.18 | |
| 010 | @a978-7-5472-1395-7@dCNY29.80 | |
| 100 | @a20141211d2012 em y0chiy50 ea | |
| 101 | 0 | @achi |
| 102 | @aCN@b220000 | |
| 105 | @aac z 000yd | |
| 200 | 1 | @a徐虎@Axu hu@f林华岚编著 |
| 210 | @a长春@c吉林文史出版社@d2012 | |
| 215 | @a126页@c肖像,照片@d22cm | |
| 225 | 2 | @a100位新中国成立以来感动中国人物丛书 |
| 300 | @a国家出版基金项目 社会主义核心价值体系建设“双百”出版工程项目 | |
| 330 | @a本书介绍了上海普陀区中山北路房管所的水电修理工、全国劳动模范——徐虎的生平事迹。内容包括:平民之子、夜行天使、和为贵,让为先、和谐一家亲、自学成才的技术能手、我爱我家、感动中国。 | |
| 410 | 0 | @12001 @a《100位新中国成立以来感动中国人物》丛书 |
| 410 | 0 | @12001 @a100位新中国成立以来感动中国人物丛书 |
| 610 | 0 | @a徐虎(1950-)@a生平事迹 |
| 690 | @aK828.1=76@v5 | |
| 690 | @aK828.1@v4 | |
| 701 | 0 | @a林华岚@Alin hua lan@4编著 |
| 801 | 0 | @aCN@b91MARC@c20150426 |
| 905 | @aZUCC@dK828.1@e17 | |
| 徐虎/林华岚编著.-长春:吉林文史出版社,2012 |
| 126页:肖像,照片;22cm.-(100位新中国成立以来感动中国人物丛书) |
| 国家出版基金项目 社会主义核心价值体系建设“双百”出版工程项目 |
| ISBN 978-7-5472-1395-7:CNY29.80 |
| 本书介绍了上海普陀区中山北路房管所的水电修理工、全国劳动模范——徐虎的生平事迹。内容包括:平民之子、夜行天使、和为贵,让为先、和谐一家亲、自学成才的技术能手、我爱我家、感动中国。 |
| ● |
| 相关链接 |
|
|
|
正题名:徐虎
索取号:K828.1/17
 
预约/预借
| 序号 | 登录号 | 条形码 | 馆藏地/架位号 | 状态 | 备注 |
| 1 | 2001014915 | 2001014915 | 第四书库/四31架A面1层3列/ [索取号:K828.1/17] | 在馆 | |
| 2 | 2001014916 | 2001014916 | 培训中心一楼图书角/培训中心西北4行1列/ [索取号:K828.1/17] | 在馆 | |
| 3 | 2001014917 | 2001014917 | 培训中心一楼图书角/培训中心西北3行1列/ [索取号:K828.1/17] | 在馆 | |
| 4 | 2001014918 | 2001014918 | 培训中心一楼图书角/培训中心西北4行1列/ [索取号:K828.1/17] | 在馆 | |
| 5 | 2001014919 | 2001014919 | 第四书库/四31架A面1层3列/ [索取号:K828.1/17] | 在馆 | |
| 6 | 2001014920 | 2001014920 | 第四书库/四31架A面1层3列/ [索取号:K828.1/17] | 在馆 |